000 01413nam a2200349 a 4500
003 CHAP
005 20220329142219.0
008 000222d1996 mx b r 10000 spa d
010 _a80010
011 _a80982
020 _a9706209662
035 _a91441
040 _cCHAP
082 0 4 _a631.584
_bF6
111 0 0 _aForo Nacional sobre Agricultura Orgánica
_n(1:
_d:1996
_cColima, Col.)
_942503
245 1 0 _aAgricultura orgánica :
_bproducción de México hacia el mundo : Memorias
_c/ed. por Ricardo Jose Zapata Altamirano y Rafael Calderón Arózqueta
260 _aMéxico, D.F. :
_bUniversidad Autónoma Metropolitana. Unidad Xochimilco,
_c1996.
300 _a149 p. :
_bilus., gráfs., cuadros
590 _aBATCH-UPD
_b10
_c20130110
_lUCH01
_h0257
590 _aBATCH-UPD
_b10
_c20130110
_lUCH01
_h2117
590 _aBATCH-UPD
_b10
_c20130409
_lUCH01
_h2328
590 _aBATCH-UPD
_b10
_c20130913
_lUCH01
_h2159
590 _aCONVERSION
_b10
_c20130109
_lUCH01
_h1344
650 1 4 _aAgricultura orgánica
_xCongresos.
_92007
650 1 4 _aEcología agrícola
_xCongresos.
_935167
901 _aBK
905 _aMayto Villalobos S.
942 _cLIBRO
949 _a631.584 F6
_bBC
_cCONG
_d33724000733689
_eCONG
_h96102
_i91441
_si
_t$86.00
949 _a631.584 F6
_bBC
_cLIBRO
_d33724002312728
_eLIBRO
_fc.3
_h115858
_i91441
_si
949 _a631.584 F6
_bBC
_cUACH
_d33724000822912
_eUACH
_fc.2
_gI.c/e
_h99949
_i91441
_sb
_t$90.00
999 _c80010
_d80010